Základný katalóg valivé a klzné ložiská

Bibliographic Details
Corporate Author: SKF Bratislava, Slovensko (Author)
Format: Book
Language:Slovak
PhysicalDescription:195 s. fotogr., obr., tab. 21 cm
Published: Martin Neografia 1996
Subjects:

MARC

LEADER 00000nam a2200000 a 4500
001 vtls001218213
003 SK-MaSNL
005 20260301234024.0
008 160414s1996 xo a y 0 slo
015 |a SNBF1996/0200821 
035 |a SNK000161666 
040 |a SNK  |b slo  |c SNK  |e AACR2 
041 0 |a slo 
044 |a xo  |c SK 
080 |a 621.822.2/.88:339.34(085.2)  |2 1981 
110 0 |a SKF Bratislava, Slovensko  |4 aut  |9 629428 
245 1 |a Základný katalóg  |b valivé a klzné ložiská 
260 |a Martin  |b Neografia  |c 1996 
300 |a 195 s.  |b fotogr., obr., tab.  |c 21 cm 
650 0 7 |a klzné ložiská  |2 SNKPH  |9 79803 
650 0 7 |a valivé ložiská  |2 SNKPH  |9 67842 
655 7 |a firemné katalógy  |2 SNK  |9 284681 
958 |a FFK 
958 |a TL 
999 |c 968652  |d 970582 
952 |t P60, <03>, [BOOK], {603}  |a SNK  |b SNK  |y PREZ  |7 0  |p 17A0006464  |o snkOSC 18577  |i snkKSP 5494/96  |0 0  |1 0  |4 0  |d 1996-07-10  |l 0  |r 2005-01-01 00:00:00  |w 2026-02-24